| 000 | 00991cam a2200193 4500 | ||
|---|---|---|---|
| 001 | WB3843-18 | ||
| 008 | 021119n2002 000 0 eng u | ||
| 035 | _a(Sirsi) u120510 | ||
| 245 | _aSurveyors may now work on cathedrals | ||
| 260 | _c2002 | ||
| 490 |
_aRICS Building Surveying Faculty News _v15 November 2002, (1) |
||
| 520 | _aSuitably qualified chartered building surveyors may now, thanks to a RICS campaign, be considered for the post of Surveyor of the Fabric for work on any of the 43 Anglican Cathedrals in England and Wales. The General Synod of the Church of England has reversed a decision that prohibited surveyors from acting on the restoration and upkeep of cathedrals. http:/www.rics.org/ricscms/bin/show?class=News&template=/includes/shownews.html&id=4198&faculty=Building%20Surveying&faculty=All%20Faculties | ||
| 590 | _aWB | ||
| 650 | _aSURVEYORS OF THE FABRIC | ||
| 650 | _aRESTORATION | ||
| 650 | _aCATHEDRALS | ||
| 690 | _aSURVEYING SERVICES | ||
| 942 | _n0 | ||
| 999 |
_c71593 _d71593 |
||